| 000 -LEADER |
| fixed length control field |
00788cam a2200241Ia 4500 |
| 020 ## - INTERNATIONAL STANDARD BOOK NUMBER |
| ISBN |
0943088100 |
| 020 ## - INTERNATIONAL STANDARD BOOK NUMBER |
| ISBN |
9780943088105 |
| 040 ## - CATALOGING SOURCE |
| Transcribing agency |
AGL |
| 082 #4 - DEWEY DECIMAL CLASSIFICATION NUMBER |
| Classification number |
581 AME 1987 A032 Or. |
| 245 10 - TITLE STATEMENT |
| Title |
Plant senescence : |
| Remainder of title |
its biochemistry and physiology / |
| 260 ## - PUBLICATION, DISTRIBUTION, ETC. (IMPRINT) |
| Place of publication |
Rockville, Md. : |
| Name of publisher |
American Society of Plant Physiologists, |
| Year of publication |
c1987. |
| 300 ## - PHYSICAL DESCRIPTION |
| Number of Pages |
xiv, 255 p. : |
| Other physical details |
ill. ; |
| Dimensions |
23 cm. |
| 500 ## - GENERAL NOTE |
| General note |
Proceedings sponsored by the Department of Botany and Plant Sciences, UCR ... [et al.]. |
| 650 #0 - SUBJECT ADDED ENTRY--TOPICAL TERM |
| Topical Term |
Plants |
| 650 #0 - SUBJECT ADDED ENTRY--TOPICAL TERM |
| Topical Term |
Plant physiology |
| 650 #0 - SUBJECT ADDED ENTRY--TOPICAL TERM |
| Topical Term |
Plants |
| 700 1# - ADDED ENTRY--PERSONAL NAME |
| Personal name |
Thomson, William W., |
| 700 1# - ADDED ENTRY--PERSONAL NAME |
| Personal name |
Nothnagel, Eugene A. |
| 700 1# - ADDED ENTRY--PERSONAL NAME |
| Personal name |
Huffaker, Ray C. |
| 710 2# - ADDED ENTRY--CORPORATE NAME |
| Corporate name or jurisdiction name as entry element |
American Society of Plant Physiologists. |
| 710 2# - ADDED ENTRY--CORPORATE NAME |
| Corporate name or jurisdiction name as entry element |
University of California, Riverside. |
| 942 ## - ADDED ENTRY ELEMENTS (KOHA) |
| Koha item type |
សៀវភៅភាសាអង់គ្លេស |
| 952 ## - LOCATION AND ITEM INFORMATION (KOHA) |
| Withdrawn status [LOCAL, KOHA] |
0 |